000 00326pam a2200133 a 4500
020 _c
041 _h
082 _bKAZ
100 _aKazami, A.
245 _aBusiness Policy And Strategic Management
_hTextual Documents
260 _aNew Delhi
_bTata Mcgraw Hill Publishing Company Ltd
300 _aXI/619
930 _a11937
999 _c118759
_d118759